Southville International School and Colleges
Your cart is empty.
  • Cart
  • Lists
    Public lists Eva Luna New books Lux_list list_1
    Your lists Log in to create your own lists
  • Log in to your account
  • Your cookies
  • Search history
Southville International School and Colleges
  • Advanced search
  • Recent comments
  • Most popular
  • Libraries

Log in to your account

Log in with GOOGLE


If you do not have an external account, but do have a local account, you can still log in:

  1. Home
  2. MARC view: Natural product extraction:
Normal view MARC view ISBD view

Natural product extraction: (Record no. 117560)

[ view plain ]
MARC details
000 -LEADER
fixed length control field 00612nam a2200181Ia 4500
008 - FIXED-LENGTH DATA ELEMENTS--GENERAL INFORMATION
fixed length control field 140529s9999 xx 000 0 und d
020 ## - INTERNATIONAL STANDARD BOOK NUMBER
International Standard Book Number 9781849736060
050 ## - LIBRARY OF CONGRESS CALL NUMBER
Classification number TP 155
Item number .N285 2013
245 ## - TITLE STATEMENT
Title Natural product extraction:
Remainder of title principles and applications /
Statement of responsibility, etc edited by Mauricio A Rostagno, Juliana M Prado
260 ## - PUBLICATION, DISTRIBUTION, ETC. (IMPRINT)
Place of publication, distribution, etc Cambridge, U.K. :
Name of publisher, distributor, etc RSC Pub.,
Date of publication, distribution, etc c2013.
300 ## - PHYSICAL DESCRIPTION
Extent 500 p. :
Other physical details ill. ;
Dimensions 24 cm.
440 ## - SERIES STATEMENT/ADDED ENTRY--TITLE
Title (RSC Green chemistry series).
500 ## - GENERAL NOTE
General note Includes bibliographical references and index.
521 ## - TARGET AUDIENCE NOTE
Target audience note
650 ## - SUBJECT ADDED ENTRY--TOPICAL TERM
Topical term or geographic name as entry element Chemical engineering.
942 ## - ADDED ENTRY ELEMENTS (KOHA)
Call number prefix Foreign
Koha item type Books
Holdings
Withdrawn status Lost status Damaged status Home library Current library Shelving location Date acquired Cost, normal purchase price Total Checkouts Full call number Barcode Date last seen Price effective from Koha item type
      South SEED-LPDH College Library South SEED-LPDH College Library South SEED-LPDH College Section 05/30/2014 17407.00   TP 155 .N285 2013 SSLC1299 04/20/2017 05/30/2014 Books

Natural product extraction:

APA

(2013). Natural product extraction. Cambridge, U.K: RSC Pub.

Chicago

2013. Natural product extraction. Cambridge, U.K: RSC Pub.

Harvard

(2013). Natural product extraction. Cambridge, U.K: RSC Pub.

MLA

Natural product extraction. Cambridge, U.K: RSC Pub. 2013.

  • Place hold
  • Print
  • Cite
  • Add to your cart (remove)
  • Save record
    BIBTEX Dublin Core MARCXML MARC (non-Unicode/MARC-8) MARC (Unicode/UTF-8) MARC (Unicode/UTF-8, Standard) MODS (XML) RIS
  • More searches
    Search for this title in:
    Other Libraries (WorldCat) Other Databases (Google Scholar) Online Stores (Bookfinder.com) Open Library (openlibrary.org)

Exporting to Dublin Core...

SOUTHVILLE LIBRARY

Southville International School and Colleges Library

1281 Tropical Ave. Cor. Luxembourg St., BF Homes International, Las Pinas City

Tel. No. 8256374 / 252358 Loc. 117/146

Powered by Koha